Normal view
MARC view
Entry Topical Term
001 - CONTROL NUMBER
- control field: 1643
003 - CONTROL NUMBER IDENTIFIER
- control field: ARRUPE
005 - DATE AND TIME OF LATEST TRANSACTION
- control field: 20130927140309.0
008 - FIXED-LENGTH DATA ELEMENTS
- fixed length control field: 130927|| aca||aabn | a|a d
040 ## - CATALOGING SOURCE
- Original cataloging agency: ARRUPE
- Transcribing agency: ARRUPE
150 ## - HEADING--TOPICAL TERM
- Topical term or geographic name as entry element: Life
- General subdivision: Origin.
670 ## - SOURCE DATA FOUND
- Source citation: Work cat.: (ARRUPE)0: Chaisson, Eric. 1641, Epic of evolution :, c2006.